Fyzikální elektronika pevných látek
Enregistré dans:
| Auteur principal: | |
|---|---|
| Format: | Livre |
| Langue: | tchèque |
| Publié: |
Praha :
Karlova Univerzita,
1992
|
| Sujets: | |
| Tags: |
Pas de tags, Soyez le premier à ajouter un tag!
|
MARC
| LEADER | 00000nam a22000003a 4500 | ||
|---|---|---|---|
| 001 | stu210014 | ||
| 005 | 20150617230101.9 | ||
| 008 | 100825s1992----xr------------------cze-d | ||
| 020 | |a 80-7066-535-1 | ||
| 040 | |a STU |b slo | ||
| 041 | 0 | |a cze | |
| 044 | |a xr | ||
| 080 | |a 538.9 |7 stu_us_auth*stu7967 | ||
| 080 | |a 621.38 | ||
| 100 | 1 | |a Eckertová, Ludmila |4 aut | |
| 245 | 1 | |a Fyzikální elektronika pevných látek | |
| 260 | |a Praha : |b Karlova Univerzita, |c 1992 | ||
| 300 | |a 344 s | ||
| 650 | 7 | |a fyzika |2 stusub | |
| 650 | 7 | |a elektronika |2 stusub | |
| 650 | 7 | |a pevné látky |2 stusub | |
| 996 | |b 284EK88414 |c E*88414 |l EE01 |s A |a 24 |w stu210014_0001 | ||